Music Quiz

Random Music Quiz
Score 0/200 Timer 10:00
0 Plays Today
% Correct
the
88.5%
the
88.5%
a
88.5%
and
88.5%
and
88.5%
a
88.5%
the
88.5%
and
88.5%
and
88.5%
and
88.5%
and
88.5%
88.5%
88.5%
88.5%
she
82.4%
she
82.4%
she
82.4%
she
82.4%
love
81.8%
love
81.8%
love
81.8%
love
81.8%
me
81%
me
81%
me
81%
me
81%
me
81%
to
77.3%
to
77.3%
to
77.3%
to
77.3%
to
77.3%
you
77%
you
77%
it
73.1%
in
71.4%
in
71.4%
is
71.4%
in
71.4%
is
71.4%
in
71.4%
on
70.6%
on
70.6%
on
70.6%
on
70.6%
on
70.6%
her
70%
her
70%
her
70%
her
70%
her
70%
her
70%
this
69.7%
this
69.7%
this
69.7%
my
68.9%
my
68.9%
my
68.9%
my
68.9%
my
68.9%
so
68.1%
so
68.1%
no
67.5%
no
67.5%
too
66.4%
too
66.4%
too
66.4%
% Correct
goodbye
66.1%
goodbye
66.1%
goodbye
66.1%
goodbye
66.1%
goodbye
66.1%
was
64.4%
said
64.4%
was
64.4%
said
64.4%
said
64.4%
has
64.1%
has
64.1%
has
64.1%
its
63.9%
its
63.9%
its
63.9%
of
63.3%
of
63.3%
I
63%
I
63%
i
63%
i
63%
i
63%
i
63%
i
63%
i
63%
many
62.5%
many
62.5%
many
62.5%
times
62.2%
times
62.2%
before
61.9%
before
61.9%
before
61.9%
heart
61.3%
heart
61.3%
heart
61.3%
say
60.8%
say
60.8%
taken
60.2%
taken
60.2%
taken
60.2%
eyes
59.9%
toll
58.8%
toll
58.8%
toll
58.8%
never
58%
that
57.4%
fire
57.1%
high
56.6%
breaking
56.3%
breaking
56.3%
burning
56%
wont
55.5%
wont
55.5%
anymore
55.2%
anymore
55.2%
have
54.9%
have
54.9%
got
54.6%
oh
54.6%
front
54.6%
oh
54.6%
front
54.6%
do
54.6%
recognize
54.3%
didnt
54.1%
% Correct
but
54.1%
plane
53.8%
again
53.5%
again
53.5%
your
53.2%
your
53.2%
return
52.9%
mind
52.4%
always
52.4%
every
52.1%
every
52.1%
choice
51.5%
choice
51.5%
chaos
49%
controlled
49%
cause
49%
just
49%
cause
49%
like
48.7%
what
48.5%
hard
46.8%
night
46.5%
feel
45.1%
want
44.5%
keep
44.3%
keep
44.3%
know
44%
coming
43.4%
game
43.4%
satisfied
42.9%
best
42.6%
make
41.7%
tried
41.2%
same
41.2%
feed
40.6%
pretending
39.8%
turn
39.5%
leave
39.5%
appetite
39.2%
around
38.4%
broken
38.4%
broken
38.4%
playing
37.5%
ill
37.5%
then
37.3%
fingertips
36.7%
as
36.1%
these
36.1%
things
36.1%
wings
35.9%
whispered
35.6%
alright
35.6%
inch
35%
because
35%
thats
35%
hips
34.7%
kept
34.2%
sure
33.9%
fix
33.6%
repair
33.6%
everythings
32.8%
pressure
31.1%
of me
24.4%
sinking
21.3%
into
19.3%
goodbyes
14.8%
Remove Ads.
Support Sporcle.
Get the best of Sporcle when you Go Orange. This ad-free experience offers more features, more stats, and more fun while also helping to support Sporcle. Thank you for becoming a member.

You're not logged in!

Compare scores with friends on all Sporcle quizzes.
OR
Log In

You Might Also Like...

Show Comments

Extras

Created Nov 3, 2010ReportNominate
Tags:Maroon 5

Top Quizzes Today


Score Distribution

Your Account Isn't Verified!

In order to create a playlist on Sporcle, you need to verify the email address you used during registration. Go to your Sporcle Settings to finish the process.

Report this User

Report this user for behavior that violates our Community Guidelines.

Details: